Фотопортрет Попова А. с дарственной надписью Кони А. Ф.

Доступно только в Электронных читальных залах Найти на картеНа карте
RUSMARC
00003725nmc2a22002651x 450
00194239b27-2b39-4f94-91ee-83b3a99af2c6
00520131121161432.0
100##$a20130529l1898 k y0rusy50 ca
1010#$arus
102##$aRU
105##$ay z |||||
1220#$ad18980204
2001#$aФотопортрет Попова А. с дарственной надписью Кони А. Ф.
$j4 февраля 1898
215##$a1 лист
$cфот.
251##$cДело
300##$aЗаголовок дела на папке: Фотопортрет Попова А. с его дарственной надписью А. Ф. Кони
330##$aИллюстративные материалы
461#0$10013a54f2e3-e9cf-409b-80fa-f0a9bd3c40cb
$12001
$aКони Анатолий Федорович, юрист, литератор, член академии наук, председатель Санкт-Петербургского окружного суда, член государственного совета
$1251
$cФонд
$1852
$j564
462#0$100178a475cd-a47d-4377-bff3-cee4b81de655
$12001
$aОпись дел фонда А. Ф. Кони за 1880-1931 гг.
$1251
$cОпись
$1852
$j1
517##$aФотопортрет Попова А. с его дарственной надписью А. Ф. Кони
600#1$aПопов
$bА.
600#1$aКони
$bА. Ф.
$f1844-1927
$gАнатолий Федорович
801#0$aRU
$bGA_RF
801#1$aRU
$bНПО Опыт
$c20130529
$2rusmarc
801#2$aRU
$bПБ им. Б.Н. Ельцина
$c20131121
$gRCR
$2rusmarc
852##$aГА РФ
$j4263
937##$d41895558
$hПБ
035##$aRuPRLIB51005703
Формат отображения